Sports Quiz

Random Sports or NFL Quiz

NFL Fewest Passing Yards by 1st Round QB Quiz Stats

 Plays Quiz Updated Mar 6, 2019

Score 0/35 Timer 07:00
18 Plays Today
Year Drafted Quarterback % Correct
1998Ryan Leaf
66.9%
2018Lamar Jackson
59.9%
1999Akili Smith
58.5%
2005Jason Campbell
49.8%
2014Johnny Manziel
46.1%
2017Patrick Mahomes
39.9%
2010Tim Tebow
38.2%
2015Marcus Mariota
35%
2016Paxton Lynch
33%
2009Josh Freeman
30.9%
2013E.J. Manuel
30.6%
2012Brandon Weeden
28.6%
2008Joe Flacco
28.3%
2006Matt Leinart
26.5%
2011Jake Locker
24.6%
2007Brady Quinn
24.2%
2001Michael Vick
23.1%
1989Troy Aikman
19.7%
Year Drafted Quarterback % Correct
1993Rick Mirer
18.3%
2004J.P. Losman
15%
1981Rich Campbell
13.6%
1983Todd Blackledge
13.4%
1994Heath Shuler
13.4%
2000Chad Pennington
13.4%
1995Steve McNair
13.2%
1990Andre Ware
12.8%
2003Kyle Boller
12.7%
1997Jim Druckenmiller
12.6%
1991Dan McGwire
11.3%
1992David Klingler
10.2%
2002Patrick Ramsey
8.2%
1982Art Schlichter
4.1%
1987Kelly Stouffer
3.8%
1986Chuck Long
3.7%
1980Mark Malone
2.7%

You're not logged in!

Compare scores with friends on all Sporcle quizzes.
OR
Log In

You Might Also Like...

Show Comments

Extras

Top Quizzes Today


Score Distribution

Your Account Isn't Verified!

In order to create a playlist on Sporcle, you need to verify the email address you used during registration. Go to your Sporcle Settings to finish the process.

Report this User

Report this user for behavior that violates our Community Guidelines.

Details: